| 000 | 01464nam a22002777a 4500 | ||
|---|---|---|---|
| 003 | OSt | ||
| 005 | 20250421142931.0 | ||
| 008 | 210304s2006 ar ab||jr|||| 00| 0 spa d | ||
| 020 | _a9789504914891 | ||
| 040 |
_aCO-JMCR _cCO-JMCR |
||
| 041 | 0 | _aspa | |
| 082 | 0 | 4 |
_aA-N _bPAEp _223 |
| 100 | 1 |
_aPaes Filho, Orlando, _eautor _914353 |
|
| 245 | 1 | 3 |
_aEl primer guerrero, libro uno / _cOrlando Paes Filho ; traducido por: Tina Parcero |
| 260 |
_aBuenos Aires : _bPlaneta, _c2006. |
||
| 300 |
_a421 páginas : _bilustraciones y mapas a color ; _c23 cm. |
||
| 490 | _aAngus | ||
| 500 | _aDatos biográficos del autor en solapa posterior. | ||
| 505 | 0 | _aOjos llamante -- Bajo el pálido sol de otoño -- Sangre de Hielo -- Águila de sangre -- Saludando a la muerte -- Más mortales que la peste -- Nennius -- Río de fuego -- Un invierno ceniciento -- Alimentado a los lobos Los reyes de Erin -- Degannwy -- MacLanchlan -- La batalla de Cair Gloui -- Gwyneth -- Sigurd, ojo de serpiente -- Pantanos de Sumorsaete -- Encuentro en Stonehenge -- El león de fuego -- La formación del clan | |
| 520 | 0 | _aEl tono de voz de Nennius se elevó hasta convertirse en un trueno, y su mirada parecía formada por centellas de fuego, como si de repente tuviese la fuerza de un dios. | |
| 650 | 1 | 4 |
_aNovela grafica _95630 |
| 650 | 2 | 4 |
_aNovela juvenil _914354 |
| 650 | 2 | 4 |
_aNarrativa brasileña _914355 |
| 700 | 1 |
_aParcero, Tina, _etraductora _914356 |
|
| 942 |
_2ddc _cBK |
||
| 999 |
_c7440 _d7440 |
||